[Event "FIDE World Uni Rapid-D 1st"]
[Site "Tornelo INT"]
[Date "2021.03.21"]
[Round "9"]
[White "Dai, Wenzhi"]
[Black "Korniotis, Filippos"]
[Result "0-1"]
[WhiteElo "2044"]
[BlackElo "2133"]
[PlyCount "84"]
[EventDate "2021.03.20"]
[EventType "swiss (rapid)"]
[EventRounds "12"]
[EventCountry "NET"]
[SourceTitle "EXT 2022"]
[Source "ChessBase"]
[SourceDate "2021.10.06"]
[SourceVersion "1"]
[SourceVersionDate "2021.10.06"]
[SourceQuality "1"]

1. e4 c5 2. Nf3 e6 3. d4 cxd4 4. Nxd4 Nc6 5. Nc3 Qc7 6. Be3 a6 7. Be2 Nf6 8. 0-0 Bb4 9. Nxc6 bxc6 10. Qd3 d5 11. exd5 cxd5 12. Na4 Bb7 13. c4 Qc6 14. Qc2 dxc4 15. Bf3 Nd5 16. Nb6 Rd8 17. Nxc4 0-0 18. Qb3 Qd7 19. Nb6 Qe7 20. Nxd5 Bxd5 21. Bxd5 Rxd5 22. a3 Bd6 23. Rad1 Rb8 24. Qc2 Qf6 25. Rxd5 exd5 26. b4 d4 27. Bd2 Qe5 28. g3 Qd5 29. Qd3 h5 30. Rc1 h4 31. gxh4 Re8 32. Rc4 Re4 33. Rc8+ Bf8 34. f3 Rxh4 35. Be1 Rh6 36. Bg3 Re6 37. Rc4 Re3 38. Qxd4 Qxf3 39. Rc2 Rd3 40. Rf2 Qd1+ 41. Rf1 Rxd4 42. Rxd1 Rxd1+ 0-1

[Event "FIDE World Uni Rapid-D 1st"]
[Site "Tornelo INT"]
[Date "2021.03.20"]
[Round "3"]
[White "Dai, Wenzhi"]
[Black "Chen, Qi B"]
[Result "0-1"]
[WhiteElo "2044"]
[BlackElo "2493"]
[PlyCount "82"]
[EventDate "2021.03.20"]
[EventType "swiss (rapid)"]
[EventRounds "12"]
[EventCountry "NET"]
[SourceTitle "EXT 2022"]
[Source "ChessBase"]
[SourceDate "2021.10.06"]
[SourceVersion "1"]
[SourceVersionDate "2021.10.06"]
[SourceQuality "1"]

1. e4 c5 2. Nf3 d6 3. d4 cxd4 4. Nxd4 Nf6 5. Nc3 a6 6. Be3 Ng4 7. Bg5 h6 8. Bh4 g5 9. Bg3 Bg7 10. h3 Ne5 11. Be2 Nbc6 12. Nb3 Be6 13. Nd5 b5 14. c3 Rb8 15. 0-0 Nc4 16. Bxc4 bxc4 17. Nd4 Nxd4 18. cxd4 Bxd5 19. exd5 0-0 20. b3 cxb3 21. axb3 Qb6 22. Qe2 Bf6 23. Rxa6 Qxb3 24. Qh5 Kg7 25. h4 Qxd5 26. hxg5 hxg5 27. Ra4 Rh8 28. Qg4 Rh6 29. f3 Rbh8 30. Kf2 Rh1 31. Rxh1 Rxh1 32. Qe4 Qb5 33. Qc2 Rb1 34. Qc4 Qb2+ 35. Ke3 Rc1 36. Qa2 Rc3+ 37. Ke4 Qb7+ 38. d5 Qb5 39. Kf5 Re3 40. Kg4 Qd7+ 41. Kh5 Qf5 0-1

[Event "FIDE World Uni Blitz-B 1st"]
[Site "Tornelo INT"]
[Date "2021.03.13"]
[Round "10.43"]
[White "Dai, Wenzhi"]
[Black "Osena, Alexis Anne"]
[Result "1-0"]
[WhiteElo "2044"]
[BlackElo "1704"]
[PlyCount "41"]
[EventDate "2021.03.13"]
[EventType "swiss (blitz)"]
[EventRounds "10"]
[EventCountry "NET"]
[SourceTitle "EXT 2022"]
[Source "ChessBase"]
[SourceDate "2021.10.06"]
[SourceVersion "1"]
[SourceVersionDate "2021.10.06"]
[SourceQuality "1"]

1. e4 g6 2. d4 Bg7 3. Nc3 d6 4. Nf3 Nd7 5. Bc4 e6 6. h3 a6 7. a4 Ne7 8. Be3 c6 9. Qd2 d5 10. Bb3 a5 11. Bh6 Bxh6 12. Qxh6 c5 13. Nb5 Nb8 14. dxc5 dxe4 15. Nd6+ Kd7 16. Ne5+ Kc7 17. Nexf7 Qf8 18. Qf4 Nbc6 19. Nb5+ Kd7 20. Qc7+ Ke8 21. Nbd6# 1-0

[Event "Pan American Intercollegiate-chT"]
[Site "Chess.com INT"]
[Date "2021.01.05"]
[Round "5"]
[White "Dai, Wenzhi"]
[Black "Shevelev, Daniel"]
[Result "1-0"]
[WhiteElo "2044"]
[BlackElo "1833"]
[PlyCount "147"]
[EventDate "2021.01.04"]
[EventType "team-swiss (rapid)"]
[EventRounds "9"]
[EventCountry "USA"]
[SourceTitle "CBM 200 Extra"]
[Source "ChessBase"]
[SourceDate "2021.03.31"]
[SourceVersion "1"]
[SourceVersionDate "2021.03.31"]
[SourceQuality "1"]
[WhiteTeam "Toronto"]
[BlackTeam "Berkeley California Univ V"]
[WhiteTeamCountry "CAN"]
[BlackTeamCountry "USA"]

1. e4 e6 2. d4 d5 3. Nc3 Nf6 4. Bg5 Be7 5. e5 Nfd7 6. Bxe7 Qxe7 7. f4 0-0 8. Nf3 c5 9. dxc5 Nxc5 10. Bd3 h6 11. Qd2 Nc6 12. Ne2 a6 13. Ned4 Bd7 14. 0-0 f5 15. Nxc6 bxc6 16. b4 Ne4 17. Bxe4 fxe4 18. Nd4 c5 19. bxc5 Qxc5 20. Rab1 Rab8 21. Kh1 Rfe8 22. h3 Bb5 23. Rf2 Kh8 24. a4 Bd7 25. Rxb8 Rxb8 26. f5 exf5 27. e6 Rb1+ 28. Kh2 Bxa4 29. Rxf5 Qd6+ 30. g3 Rb8 31. Qa5 Bb5 32. Rf7 Re8 33. Rxg7 e3 34. Rg6 Kh7 35. Rg7+ Kh8 36. Rg6 Kh7 37. Rxh6+ Kg8 38. Qc3 Qe5 39. Rh4 e2 40. Rg4+ Kh8 41. Qd2 Rxe6 42. Nxe6 Qxe6 43. Qd4+ Kh7 44. Rh4+ Kg6 45. Rg4+ Kf7 46. Qf2+ Ke8 47. Qe1 Qe3 48. Kg2 d4 49. Rf4 Bc6+ 50. Kh2 d3 51. cxd3 Qxd3 52. Rf2 Bf3 53. h4 Qd1 54. Rf1 a5 55. Kg1 Kd8 56. Kf2 Bg4 57. Qxa5+ Kd7 58. Qb5+ Kc8 59. Qc6+ Kb8 60. Qb6+ Kc8 61. Qc6+ Kb8 62. Qb5+ Kc8 63. Qc4+ Kb7 64. Qe4+ Kb6 65. Qb4+ Kc6 66. Qc3+ Kd5 67. Re1 Ke6 68. Qc4+ Kf5 69. Qc5+ Kg6 70. Qc6+ Kf7 71. Qc4+ Ke7 72. Qxg4 Qd6 73. Qe4+ Kd7 74. Rxe2 1-0

[Event "Andorra op 34th"]
[Site "Escaldes"]
[Date "2016.08.03"]
[Round "1"]
[White "Demuth, Adrien"]
[Black "Dai, Wenzhi"]
[Result "1-0"]
[WhiteElo "2545"]
[BlackElo "1929"]
[PlyCount "55"]
[EventDate "2016.08.03"]
[EventType "swiss"]
[EventRounds "9"]
[EventCountry "AND"]
[SourceTitle "CBM 173 Extra"]
[Source "ChessBase"]
[SourceDate "2016.08.29"]
[SourceVersion "1"]
[SourceVersionDate "2016.08.29"]
[SourceQuality "1"]

1. d4 Nf6 2. c4 c5 3. d5 e6 4. Nc3 exd5 5. cxd5 d6 6. e4 g6 7. f4 Bg7 8. Bb5+ Nfd7 9. Nf3 0-0 10. 0-0 a6 11. Bd3 b5 12. Kh1 Re8 13. a3 c4 14. Bc2 Nc5 15. f5 Nbd7 16. Bg5 Qc7 17. Qe1 h6 18. fxg6 fxg6 19. Be3 Ne5 20. Nxe5 dxe5 21. Qh4 Kh7 22. Rad1 Nd7 23. Bxh6 Kg8 24. Bxg7 Kxg7 25. Rf7+ Kxf7 26. Qh7+ Kf6 27. Rf1+ Kg5 28. h4+ 1-0

[Event "Hong Kong op"]
[Site "Hong Kong"]
[Date "2014.10.03"]
[Round "5"]
[White "Wong, Yee Chit"]
[Black "Dai, Wenzhi"]
[Result "1-0"]
[WhiteElo "1942"]
[BlackElo "1754"]
[PlyCount "63"]
[EventDate "2014.10.01"]
[EventType "swiss"]
[EventRounds "9"]
[EventCountry "HKG"]
[SourceTitle "CBM 162 Extra"]
[Source "ChessBase"]
[SourceDate "2014.10.17"]
[SourceVersion "1"]
[SourceVersionDate "2014.10.17"]
[SourceQuality "1"]

1. d4 Nf6 2. c4 c5 3. d5 d6 4. Nc3 g6 5. e4 Bg7 6. Bd3 0-0 7. h3 a6 8. Nf3 Nbd7 9. 0-0 Rb8 10. a4 Ne8 11. Bf4 Qc7 12. Qd2 Bf6 13. Rfe1 Ng7 14. Bf1 Ne5 15. Nxe5 dxe5 16. Be3 Nh5 17. a5 Bd7 18. Red1 Qd6 19. b4 cxb4 20. Na4 Bxa4 21. Rxa4 e6 22. c5 Qd7 23. Rxb4 exd5 24. exd5 Qc7 25. Rb6 Bg7 26. d6 Qd7 27. Rdb1 Rfc8 28. Bxa6 bxa6 29. Rxb8 Rxb8 30. Rxb8+ Bf8 31. c6 Qxc6 32. d7 1-0